000 00867nam a2200241 a 4500
001 BRCA_6083
005 20190320205328.0
008 270511s2001----mx-a######---#000-0#spa-#
041 _aspa
044 _amx
050 4 _aND1312
_b.O23 2001
100 1 _aOcaña Ruíz, Sonia Irene
_915383
245 1 0 _aEstudio sobre la producción mexicana de retratos de niños muertos entre siglos XVIII y XIX.
260 _aPuebla, México
_c2001
300 _a126 p.
_bil.
500 _aEjemplar engargolado
502 _aTesis Licenciatura (Licenciado en Historia del Arte) Universidad de las Américas-Puebla, Departamento de Filosofía y Letras
650 1 4 _aPintura de retratos
_xInfantes
_ySiglo XVIII-XIX
_zMéxico
_915384
650 1 4 _aRetratos mortuorios
_xInfantes
_ySiglo XVIII-XIX
_zMéxico
_915385
650 1 4 _aNiños
_915386
902 _aTES
942 _2lcc
_cTES
999 _c5770
_d5770